Prírastky zahraničných slovacík v Národnej knižnici Matice slovenskej, získané v rokoch ...

Bibliographic Details
Format: Journal
Language:Slovak
PhysicalDescription:zv.
Published: Martin Matica slovenská [1963]-[1969]
Subjects:

MARC

LEADER 00000cas a2200000 a 4500
001 vtls010292780
003 SK-MaSNL
005 20260228162359.0
008 110718u19631969xo ar|p 0 b0slo
040 |a SNK  |b slo  |c SNK  |e AACR2 
041 0 |a slo 
044 |a xo  |c SK 
072 7 |a 00  |x Veda. Všeobecnosti. Základy vedy a kultúry. Vedecká práca  |2 konspekt 
080 |a 002.2(=162.4)+908(437.6)  |2 2001 
080 |a 821-027.63  |2 2011 
080 |a 050  |2 2001 
245 0 0 |a Prírastky zahraničných slovacík v Národnej knižnici Matice slovenskej, získané v rokoch ... 
260 |a Martin  |b Matica slovenská  |e Martin  |f Matica slovenská  |c [1963]-[1969] 
300 |a zv. 
310 |a 1x ročne 
362 0 |a [1963/1965]-[1968/1969] 
650 0 7 |a slovaciká  |2 SNKPH  |9 71566 
650 0 7 |a zahraničná literatúra  |2 SNKPH  |9 75367 
655 7 |a časopisy  |2 SNKPH  |9 76610 
910 |a snk 
999 |c 7771  |d 9701 
952 |0 0  |1 0  |4 0  |7 0  |a SNK  |b SNK  |d 2011-07-18  |i snkKSP 7171/69  |l 0  |o snkČSC 1491/1/1963-1965 D1  |p 17A0708161  |r 2026-02-21 20:06:51  |w 2026-02-21  |y PREZ 
952 |0 0  |1 0  |4 0  |7 0  |a SNK  |b SNK  |d 2011-07-18  |i snkKSP 7172/69  |l 0  |o snkČSC 1491/1/1963-1965 D2  |p 17A0698695  |r 2026-02-21 20:06:51  |w 2026-02-21  |y PREZ 
952 |0 0  |1 0  |4 0  |7 0  |8 1  |a SNK  |b SNK  |d 2011-07-18  |i snkD 776/73  |l 0  |o snkČSC 1491/1/1963-1965 D3  |p 17A0708220  |r 2026-02-21 20:06:51  |w 2026-02-21  |y PREZ